000 00293nam a22001337a 4500
008 171031b xxu||||| |||| 00| 0 eng d
020 _a9780324204841
041 _aeng
080 _27TH
_a33
100 _a58
101 _aBUS
245 _aBUSINESS LAW TODAY
_cMILLER,R.L
942 _2udc
_cBK
999 _c36745
_d36745